| 000 | 00694nam a2200217 a 4500 | ||
|---|---|---|---|
| 005 | 20221118063558.0 | ||
| 008 | 991125s1989 mx 000 0 spa u | ||
| 020 | _a968292393X | ||
| 035 | _aUPN01000049983 | ||
| 049 | _aI | ||
| 050 | 4 |
_aPZ71 _bB6 no.3 |
|
| 100 | 1 | _aBoixaderas, Rosa | |
| 245 | 1 | 1 |
_a¿Puedes o no puedes? / _cRosa Boixaderas, Roser Ros ; il. Marta Balaguer ; adaptación del texto Luz María Chapela. |
| 260 |
_aMéxico : _bSEP, _c1989. |
||
| 300 |
_a[22] p. : _bil. |
||
| 440 | 0 |
_aChipichipi ; _v3 |
|
| 650 | 4 |
_aLectura _xEstudio y enseñanza (Elemental) _92805 |
|
| 650 | 4 |
_aLITERATURA INFANTIL - _vCOLECCIONES |
|
| 700 | 1 |
_aRos, Roser, _ecoaut. _935727 |
|
| 905 | _aInfantil | ||
| 999 |
_c49983 _d49983 |
||